Secretarial procedures and administration

Na minha lista:
Detalhes bibliográficos
Autor principal: Hanna, J. Marshall
Outros Autores: Popham, Estelle L., Tilton, Rita Sloan
Formato: Livro
Publicado em: Cincinnati : South-Western Pub. Co., c1973.
Edição:6th ed.
Assuntos:
Tags: Adicionar Tag
Sem tags, seja o primeiro a adicionar uma tag!

MARC

LEADER 00000cam a2200000 4500
020 |a 0538117206  |c TZS 80/= 
040 |a MUL  |b eng  |e AACR 
082 0 0 |a 651.3741 HAN 
100 1 |a Hanna, J. Marshall, 
245 1 0 |a Secretarial procedures and administration  |c J. Marshall Hanna, Estelle L. Popham & Rita Sloan Tilton. 
250 |a 6th ed. 
260 |a Cincinnati :  |b South-Western Pub. Co.,  |c c1973. 
300 |a vi, 758 p.  |b illus.  |c 25 cm. 
500 |a First-4th ed. by Beamer, Hanna, and Popham published under title: Effective secretarial practices. 
504 |a Includes bibliography and index 
650 0 |a Office practice. 
650 0 |a Secretarial procedures 
650 0 |a Administration 
700 1 |a Popham, Estelle L., 
700 1 |a Tilton, Rita Sloan, 
942 |c BK 
999 |c 3385  |d 3385